00448nam a2200169Ia 4500008004100000020001800041050001400059100001700073245004100090245004400131260001500175260003000190260000900220300001400229300002500243300001000268180207s9999 xx 000 0 und d a9780888991676 bW189 2001 aWallace, Ian aChin Chiang and the dragon's dance / cwritten and illustrated by Ian Wallace. aNew York : bA Meadow Mouse Paperback, c2001 aunpaged : bcolor illustration ; c20cm.